Riconosci il Pokémon - Quiz n°508 - Statistics

Statistiche generali
  • Questo quiz è stato fatto 3 volte
  • Il punteggio medio è 7 su 10
Statistiche sulle risposte
Indizio Risposta % Corretto
Stadio evoluzione Forma Base
100%
Tipo Normale
100%
Altezza 0,4 m
67%
Tasso di cattura 190 (35.2%)
67%
Sesso 50% ♂, 50% ♀
67%
Peso 5,5 kg
67%
Abilità Fugafacile; Impaccio, Scioltezza
67%
Tasso di allevamento Medio-Veloce
67%
Generazione Quarta
67%
Pokémon Buneary
33%
Nessun quiz corrispondente trovato
Distribuzione punteggi
Percentuale di utenti per punteggio
Percentile per numero di risposta
I tuoi punteggi nel tempo
Non hai fatto questo quiz